00544nam a2200181 a 45000010010000000030011000100080041000210350026000620820015000881000020001032450037001232600053001606500011002139420012002249520091002369980020003279990015003470000-8604ELIB.Books110520 2002  a(ELIB.Books)0000-8750 aB.Th bGil aGilson Dee, Saw aThe Whole year program for youth bInsein: Karen Baptist Theolgical Seminary c2002 aThesis 2ddccBK 00102ddc4070aKBTSbKBTSd2011-05-20l0p30101r2022-01-22 00:00:00w2022-01-22yBK cbate2011-05-20 c8604d8604